01036nam a2200241 i 450000100060000000300090000600500170001500700030003200800410003508000110007610000290008724502020011626000490031830000330036750001270040060000320052760000250055960000370058471000610062171000690068285200210075185200220077255980ES-MaACL20250729020313.0t|031001s1946 sp f |||| | spa d a73(45)1 aDíaz López, Gonzalo.10aDonatello, Pollajuelo y Verrochio b: la personalidad estética de cada uno de estos artistas y catálogo de las reproducciones de sus obras existentes en el Museo / cpor Gonzalo Díaz López. aMadrid : b[s.n.], c1946 (fImp. Góngora) a186 p., 16 lám. ; c17 cm. aPrecede al tít.: Museo de Reproducciones Artísticas. Cuerpo Facultativo de Archiveros, Bibliotecarios y Arqueólogos.14aDonatello (dca. 1386-1466)14aPollaiuolo, Antonio.14aVerrocchio, Andrea (d1435-1488)2 aMuseo Nacional de Reproducciones Artísticas (España)2 aCuerpo Facultativo de Archiveros, Bibliotecarios y Arqueólogos aES-MaACLjE-2262 aES-MaACLjB-10165